Queensland electorates with map - Statistics

General Stats
  • This quiz has been taken 65 times
  • The average score is 38 of 93
Answers on the Map
Answers color-coded by a green-red scale on the quiz's map according to % correct below.
 
Answer Stats
Electorate Party % Correct
Cairns ALP
87%
South Brisbane ALP
74%
Ipswich ALP
71%
Redcliffe LNP
71%
Mackay LNP
68%
Townsville LNP
68%
Logan ALP
65%
Rockhampton LNP
65%
Surfers Paradise LNP
65%
Bundaberg ALP
61%
Inala ALP
61%
Noosa IND
61%
Cook LNP
58%
Caloundra LNP
55%
Gaven ALP
55%
Hervey Bay LNP
55%
Redlands LNP
55%
Currumbin LNP
52%
Maiwar GRN
52%
Southport LNP
52%
Broadwater LNP
48%
Burleigh LNP
48%
Gladstone ALP
48%
Ipswich West ALP
48%
Mermaid Beach LNP
48%
Aspley ALP
45%
Coomera LNP
45%
Cooper ALP
45%
Maroochydore LNP
45%
Bulimba ALP
42%
Greenslopes ALP
42%
Hinchinbrook KAP
42%
McConnel ALP
42%
Mirani LNP
42%
Moggill LNP
42%
Warrego LNP
42%
Chatsworth LNP
39%
Clayfield LNP
39%
Everton LNP
39%
Gympie LNP
39%
Maryborough LNP
39%
Miller ALP
39%
Mudgeeraba LNP
39%
Murrumba ALP
39%
Nanango LNP
39%
Southern Downs LNP
39%
Toowoomba North LNP
39%
Toowoomba South LNP
39%
Algester ALP
35%
Buderim LNP
35%
Glass House
35%
Kawana LNP
35%
Morayfield ALP
35%
Pine Rivers ALP
35%
Sandgate ALP
35%
Scenic Rim LNP
35%
Waterford ALP
35%
Whitsunday LNP
35%
Woodridge ALP
35%
Bundamba ALP
32%
Burdekin LNP
32%
Burnett LNP
32%
Callide LNP
32%
Ferny Grove ALP
32%
Keppel LNP
32%
Lytton ALP
32%
Mansfield ALP
32%
Mundingburra LNP
32%
Nudgee ALP
32%
Pumicestone LNP
32%
Springwood ALP
32%
Stafford ALP
32%
Traeger KAP
32%
Bonney LNP
29%
Capalaba LNP
29%
Gregory LNP
29%
Kurwongbah ALP
29%
Lockyer LNP
29%
Mulgrave LNP
29%
Nicklin LNP
29%
Ninderry LNP
29%
Stretton ALP
29%
Barron River LNP
26%
Hill KAP
26%
Mount Ommaney ALP
26%
Oodgeroo LNP
26%
Macalister ALP
23%
Toohey ALP
23%
Condamine LNP
19%
Jordan ALP
19%
Theodore LNP
19%
Bancroft ALP
16%
Thuringowa LNP
16%
No matching quizzes found
Score Distribution
Percent of People with Each Score
Percentile by Number Answered
Your Score History
You have not taken this quiz